| 000 | 00000nam 2200000za 4500 |
| 001 | 9.608271 |
| 003 | CaOODSP |
| 005 | 20210624213537 |
| 007 | cr ||||||||||| |
| 008 | 150406|2015||||xxc|||||o f|0| 0 fre d |
| 040 | |aCaOODSP|bfre |
| 043 | |an-cn--- |
| 086 | 1 |aXC67-1/1-412-9F-PDF |
| 110 | 1 |aCanada. |bParlement. |bChambre des communes. |bComité permanent des ressources humaines, du développement des compétences, du développement social et de la condition des personnes handicapées. |
| 245 | 10|aRenouvellement des ententes sur le développement du marché du travail / |h[ressource électronique]|cLe président, Phil McColeman. |
| 260 | |aOttawa - Ontario : |bChambre des communes. |cJanvier 2015. |
| 300 | |a106p.|bfigures en couleur, références |
| 490 | 1 |aRapport du Comité permanent des ressources humaines, du développement des compétences, du développement social et de la condition des personnes handicapées|v9e rapport, 41e législature, 2e session |
| 500 | |aDate originale de publication: 2015/01/28; date de publication: 2015/02/03. |
| 590 | |a15-06|b2015-02-06 |
| 775 | 08|tRenewal of the labour market development agreements / |w(CaOODSP)9.581448 |
| 830 | #0|aRapport du Comité permanent des ressources humaines, du développement des compétences, du développement social et de la condition des personnes handicapées ;|v9e rapport, 41e législature, 2e session|w(CaOODSP)9.503393 |
| 856 | 40|ahttp://publications.gc.ca|qPDF|s1.08 Mo|uhttps://publications.gc.ca/collections/collection_2015/parl/xc67-1/XC67-1-1-412-9-fra.pdf|y9e rapport, 41e législature, 2e session |